| 000 | 01234nam a22002777a 4500 | ||
|---|---|---|---|
| 003 | OSt | ||
| 005 | 20260418024031.0 | ||
| 008 | 250325b ||||| |||| 00| 0 eng d | ||
| 040 |
_bEnglish. _cCvSU-CCAT Campus Library. _erda. |
||
| 050 |
_aUM HF 5548.8 _bD35 2003 |
||
| 100 |
_aDela Cruz, Hilda R., author. _915679 |
||
| 245 |
_aSkills and work attitudes as perceived by the B.S.I.T Graduates Major in Electronics S.Y. 1996-1997 to 2000-2001 / _cHilda R. Dela Cruz and Mindy P. Masbate |
||
| 260 |
_aRosario, Cavite : _bCavite State University-CCAT Campus, _c2003 |
||
| 300 |
_axi, 28 leaves : _billustrations ; _c28 cm |
||
| 500 | _aUndergraduate Thesis (BSIE) -- Cavite State University-CCAT Campus, 2003. | ||
| 504 | _aIncludes bibliographical references and appendices. | ||
| 546 | _aIn English text | ||
| 650 |
_aProfessional attitudes _916780 |
||
| 650 |
_aWorkplace readiness _916781 |
||
| 650 |
_aEmployability and career development _916782 |
||
| 650 |
_aBachelor of Science in Industrial Education -- Graduates. _916783 |
||
| 700 |
_aMasbate, Mindy P., author. _915680 |
||
| 700 |
_aBerbie, Lucila C., adviser. _98788 |
||
| 942 |
_cT/M/D _hHF 5548.8 D35 2003 _kUM _2lcc |
||
| 999 |
_c4031 _d4031 |
||